Top 4 Championnats du Monde Handball (Mort subite) - Statistiques

Statistiques générales
  • Ce quiz a été pris 1 046 fois
  • Le résultat moyen est 8 sur 23
Answers on the Grid
Answers color-coded by a green-red scale on the quiz's grid according to % correct below.
Allemagne (+RFA)
Autriche
Croatie
Danemark
Egypte
Espagne
France
Hongrie
Norvège
Pologne
Qatar
RDA
Roumanie
Russie
Serbie-et-Monténégro
Slovénie
Suède
Suisse
Tchécoslovaquie
Tunisie
URSS
Yougoslavie
Portugal
Brésil
Corée du Sud
Etats-Unis
Australie
Finlande
Islande
République Tchèque
Argentine
Grèce
Japon
Maroc
Serbie
Italie
Slovaquie
Pays-Bas
Ukraine
Monténégro
 
Statistiques - réponses
Réponse % Correct
France
79%
Danemark
66%
Espagne
58%
Allemagne (+RFA)
55%
Norvège
54%
Croatie
48%
Suède
47%
Egypte
32%
URSS
32%
Hongrie
30%
Russie
30%
Yougoslavie
30%
Portugal
29%
Qatar
28%
Pologne
25%
Tchécoslovaquie
23%
Slovénie
22%
Roumanie
17%
RDA
16%
Autriche
10%
Tunisie
10%
Serbie-et-Monténégro
8%
Suisse
8%
Aucun quiz correspondant
Distribution des résultats
% des personnes avec chaque résultat
Percentile par nombre de réponses
Votre historique - résultats
Vous n’avez pas pris ce quiz